El Conde Lucanor o Libro de los Enxiemplos del Conde Lucanor et de Patronio / (Record no. 85451)

MARC details
000 -LEADER
campo de control de longitud fija 00614nam a2200169 i 4500
001 - NÚMERO DE CONTROL
campo de control 85451
003 - IDENTIFICADOR DE NÚMERO DE CONTROL
campo de control ES-MaACL
005 - FECHA Y HORA DE LA ÚLTIMA TRANSACCIÓN
campo de control 20230906175239.0
007 - CAMPO FIJO DE DESCRIPCIÓN FÍSICA--INFORMACIÓN GENERAL
campo de control de longitud fija t|
008 - DATOS DE LONGITUD FIJA--INFORMACIÓN GENERAL
campo de control de longitud fija 041129s1971 sp ||||1| spa d
100 0# - ENTRADA PRINCIPAL--NOMBRE DE PERSONA
Nombre de persona Juan Manuel, Don (
Fechas asociadas al nombre 1282-1348)
9 (RLIN) 174238
245 13 - MENCIÓN DEL TÍTULO
Título El Conde Lucanor o Libro de los Enxiemplos del Conde Lucanor et de Patronio /
Mención de responsabilidad, etc. Don Juan Manuel, Infante de Castilla ; edición, introducción y notas de José Manuel Blecua.
260 ## - PUBLICACIÓN, DISTRIBUCIÓN, ETC.
Lugar de publicación, distribución, etc. Madrid :
Nombre del editor, distribuidor, etc. Castalia,
Fecha de publicación, distribución, etc. [1971]
300 ## - DESCRIPCIÓN FÍSICA
Extensión 327 p., 5 lám. ;
Dimensiones 18 cm.
700 0# - ENTRADA AGREGADA--NOMBRE PERSONAL
Nombre de persona Blecua, José Manuel.
9 (RLIN) 29459
852 ## - LOCALIZACIÓN
Ubicación ES-MaACL
Número de control de estantería E-8056
Sublocalización o colección R.92578
Holdings
Estatus retirado Estado de pérdida Estado de daño No para préstamo Biblioteca de origen Biblioteca actual Ubicación en estantería Fecha de adquisición Fuente de adquisición Total de préstamos Signatura topográfica completa Código de barras Visto por última vez Precio de reemplazo Tipo de ítem Koha
        Biblioteca del Ateneo de Madrid Biblioteca del Ateneo de Madrid Depósito 2 17/01/2008     E-8056 1089294 23/02/2023 23/02/2023 Libro impreso